000 01006 a2200301 a 4500
008
020 _a0397512465 (pbk.)
049 _aMAIN
090 _aR834.5
_bRYP
245 0 0 _aRypins' clinical sciences review /
_cedited by Edward D. Frohlich ; with the collaboration of a review panel.
250 _a16th ed.
260 _aPhiladelphia :
_bLippincott,
_cc1993.
300 _axii, 431 p. :
_bill. ;
_c28 cm.
500 _aIncludes lndex.
504 _aIncludes bibliographical references.
650 0 _aMedicine
_xExaminations, questions, etc.
650 0 _aMedicine
_xOutlines, syllabi, etc.
650 2 _aClinical Medicine
_xexamination questions.
700 1 _aRypins, Harold.
700 1 _aFrohlich, Edward D.
730 0 _aRypins' medical boards review.
_nVolume 2.
740 0 _aClinical sciences review.
907 _a.b10163396
_b11-03-14
_c16-05-05
003
005 20230120204050.0
040 _cNUST
942 _cBOOKS
_kR834.5
_mRYP
999 _c116495
_d116495